Sociologický slovník

Salvato in:
Dettagli Bibliografici
Autore principale: Geist, Bohumil, 1927-2006
Natura: Libro
Lingua:lingua imprecisata
Pubblicazione: Praha Victoria Publishing, a.s. 1992
Accesso online:Visualizza in OPAC
Tags: Aggiungi Tag
Nessun Tag, puoi essere il primo ad aggiungerne!!

MARC

LEADER 00000nam a2200000 a 4500
005 20260127134256.0
008 970213s1992 xx 0 und c
035 |a vtls001275964 
035 |a SNK000227194 
039 9 |a 201612060836  |b AUTHORITY  |c 200810141342  |d mschk03  |y 200412271247  |z VLOAD 
040 |a SNK  |b slo  |c SNK  |d STUSCHK1  |e AACR2 
100 1 |a Geist, Bohumil,  |d 1927-2006  |9 1019 
245 1 |a Sociologický slovník 
260 |a Praha  |b Victoria Publishing, a.s.  |c 1992 
300 |a 647 s. 
910 |a SCHK95 
999 |c 8510  |d 8510 
942 0 0 |0 1